Most Peaceful Countries in Asia and Africa - Statistics

General Stats
  • This quiz has been taken 61 times
    16 since last reset
  • The average score is 13 of 16
Answer Stats
Rank Answer % Correct
17 Japan
100%
46 South Korea
100%
43 Taiwan
93%
21 Bhutan
86%
48 Indonesia
86%
10 Malaysia
86%
45 Mongolia
86%
5 Singapore
86%
49 Laos
79%
22 Mauritius
79%
37 Oman
79%
41 Vietnam
79%
50 Botswana
71%
29 Qatar
71%
25 Kuwait
57%
44 Madagascar
43%
No matching quizzes found
Score Distribution
Percent of People with Each Score
Percentile by Number Answered
Your Score History
You have not taken this quiz since the last reset